Joueur de hockey lnh a reconaitre - Statistiques

Statistiques générales
  • Ce quiz a été pris 95 fois
  • Le résultat moyen est 34 sur 45
Statistiques - réponses
Question Tuile Select % Correct
Qui est brett hull Non
88%
Qui est brett hull Non
86%
Qui est brett hull Non
86%
Qui est brett hull Non
84%
Qui est jarri kurri Non
84%
Qui est jarri kurri Non
84%
Qui est jarri kurri Non
84%
Qui est jarri kurri Non
84%
Qui est éric lindros Non
84%
Qui est éric lindros Non
83%
Qui est brett hull Non
81%
Qui est jarri kurri Non
81%
Qui est éric lindros Non
81%
Qui est éric lindros Non
81%
Qui est jarri kurri Non
80%
Qui est jarri kurri Non
80%
Qui est éric lindros Non
80%
Qui est mark messier Non
80%
Qui est jarri kurri Non
78%
Qui est mark messier Non
78%
Qui est mario lemieux Non
78%
Qui est mario lemieux Non
78%
Qui est mario lemieux Non
78%
Qui est mario lemieux Non
78%
Qui est éric lindros Non
77%
Qui est brett hull Non
75%
Qui est brett hull Non
75%
Qui est éric lindros Non
75%
Qui est mark messier Non
75%
Qui est mark messier Non
75%
Qui est mario lemieux Non
75%
Qui est éric lindros Non
74%
Qui est mark messier Non
74%
Qui est mario lemieux Non
74%
Qui est mario lemieux Non
74%
Qui est mark messier Non
72%
Qui est mark messier Non
72%
Qui est brett hull Non
71%
Qui est mark messier Non
71%
Qui est mario lemieux Non
70%
Qui est mario lemieux Oui
70%
Qui est jarri kurri Oui
48%
Qui est éric lindros Oui
46%
Qui est brett hull Oui
42%
Qui est mark messier Oui
33%
Aucun quiz correspondant
Distribution des résultats
% des personnes avec chaque résultat
Percentile par nombre de réponses
Votre historique - résultats
Vous n’avez pas pris ce quiz